| 000 | 00447nam a2200157 i 4500 | ||
|---|---|---|---|
| 001 | 35964 | ||
| 003 | ES-MaACL | ||
| 005 | 20230906155247.0 | ||
| 007 | t| | ||
| 008 | 030214s1914 fr ||||1| fre d | ||
| 100 | 1 |
_aBrenchley, Winifred E. _931576 |
|
| 245 | 1 | 0 |
_aIngorganic plant poisons and stimulants / _cWinifred E. Brenchley. |
| 260 |
_aCambridge : _bUniversity Press, _c1914. |
||
| 300 |
_aIX, 106 p. ; _c24 cm. |
||
| 852 |
_aES-MaACL _jD-2239 |
||
| 999 |
_c35964 _d35964 |
||